LEADER 00919nam a22002531i 4500 001 991003698379707536 005 20030917103125.0 008 031111s1970 sz |||||||||||||||||fre 035 $ab12462780-39ule_inst 035 $aARCHE-049607$9ExL 040 $aDip.to Lingue$bita$cA.t.i. Arché s.c.r.l. Pandora Sicilia s.r.l. 082 04$a841.3 100 1 $aRonsard, Pierre :$cde$0155515 245 10$aSonnets pour Helene /$cRonsard ; publiés par Malcolm Smith 260 $aGenève :$bDroz,$c1970 300 $a225 p. ;$c18 cm 440 0$aTextes littéraires francais ;$v167 700 1 $aSmith, Malcolm 907 $a.b12462780$b02-04-14$c13-11-03 912 $a991003698379707536 945 $aLE012 848.3 RON 4$g1$i2012000134263$lle012$o-$pE0.00$q-$rl$s- $t0$u0$v0$w0$x0$y.i12892889$z13-11-03 996 $aSonnets pour Helene$9179529 997 $aUNISALENTO 998 $ale012$b13-11-03$cm$da $e-$ffre$gsz $h0$i1